01425nam a2200325 a 4500001001300000003000900013005001700022008004100039020001800080040002800098041000800126043001200134082002400146100003100170245011600201260006300317300002100380490001500401534004800416650002800464650002600492650004400518700004700562700003900609942001200648999001700660952014200677952014000819952014000959C01470894c-6CO-ViMGA20230915232210.0121010s2014 ck gr 00010 spa d a9789588820835 aCO-ViMGAbspacCO-ViMGA1 heng ae-uk-en04a823.91 bJ15c8 2191 aJames, E. L, d1963-9222010aCincuenta sombras de Grey / cE. L. James ; traducción de Pilar de la Peña Minguell y Helena Trías Bello. aBogotá ; aBarcelona : bRandom House Mondadori, c2014. a540 p ; c23 cm.1 aDebolsillo pTítulo original : tFifty shades of Grey.14aNovela erótica.9222214aNovela inglesa.9129114aRelaciones hombre-mujerv Novela.922211 aPeña Minguell, Pilar, de la, etr.922231 aTrías Bello, Helena, etr.92224 2ddccBK c11692d11692 00102ddc40708001aMEVIGACOMbMEVIGACOMd2015-12-22l3m1o823.91 J15c8p31419r2018-07-24 00:00:00s2018-07-24tEj. 1w2017-01-31yBK 00102ddc40708003aMEVIECARbMEVIECARd2019-03-22l3m1o823.91 J15c8p32797r2022-10-20 00:00:00s2022-10-18tEj. 1w2019-03-22yBK 01102ddc41708003aMEVIECARbMEVIECARd2015-12-22l7m5o823.91 J15c8p29591r2019-05-22 00:00:00s2018-10-22tEj. 1w2015-12-22yBK